000 00239nam a22000857a 4500
008 170607b xxu||||| |||| 00| 0 eng d
100 _93313
_aChatterjee. S. P
245 _aRomance of postage stamp
260 _aNew Delhi
_bNational Book Trust
_c2004
999 _c6631
_d6631